| 000 | 02194nam0a22004091 4500 | ||
|---|---|---|---|
| 001 | RU\NLR\BIBL_A\010316222 | ||
| 005 | 20230804154010.0 | ||
| 010 |
_a978-5-9624-1783-7 _9100 |
||
| 021 |
_aRU _bКН-П-20-019017 _9КН-П-20-1496 |
||
| 035 | _a(NLR Aleph) 012303959 | ||
| 035 | _a(RuMoRGB)010316222 | ||
| 090 |
_a11334949 _c11334949 |
||
| 100 | _a20200317d2019 u y0rusy50 ca | ||
| 101 | 0 |
_arus _achi |
|
| 102 | _aRU | ||
| 105 | _aa|||e|||000zy | ||
| 181 | 0 |
_ai _baxxe |
|
| 182 | 0 | _an | |
| 200 | 1 |
_aСловарь этимологий базовых знаков китайской письменности _fМинистерство науки и высшего образования Российской Федерации, Федеральное государственное бюджетное образовательное учреждение высшего образования "Иркутский государственный университет", Институт филологии, иностранных языков и медиакоммуникации _g[Шишмарева Татьяна Евгеньевна и др.] |
|
| 203 |
_aТекст _bвизуальный _cнепосредственный |
||
| 210 |
_aИркутск _cИзд-во ИГУ _d2019 |
||
| 215 |
_a669 с. _cил. _d26 |
||
| 320 | _aБиблиогр.: с. 666-669 | ||
| 606 | 1 |
_aКитайский язык _xЭтимологические словари _91333922 _3RU\NLR\AUTH\66555186 |
|
| 686 | 1 | _aШ171.1-402 | |
| 702 | 1 |
_aШимшарева _bТ. Е. _gТатьяна Евгеньевна _4220 |
|
| 712 | 0 | 2 |
_4570 _aИркутский государственный университет _bИнститут филологии, иностранных языков и медиакоммуникации _9563534 _3RU\NLR\AUTH\880449971 |
| 801 | 0 |
_aRU _bRuMoRGB _c20200317 _grcr |
|
| 801 | 1 |
_aRU _bRuMoRGB _c20200317 |
|
| 852 |
_aNLR _bОЛСАА-кит. _j4-2804 |
||
| 942 | _cBOOK | ||
| 980 | 1 | _aCHIN | |
| 980 | _aNB | ||